=LDR 00000nam 2200000 4500 =001 INLIS000000000016176 =005 20200813091846 =035 ##$$a 0010-061300000016176 =008 200813################g##########0#ind## =041 ##$$a Ind =082 ##$$a 2x9.6 =090 ##$$a 2x9.6, Qut j =100 1#$$a Quthb, Muhammad =245 1#$$a Jahiliah Abad Duapuluh, mengapa islam di benci?, /$c Muhammad Quthb ; Penerjemah Muhammad Tahir =260 ##$$a Bandung :$b Mizan,$c 1994 =300 ##$$a 383 hlm., ; $c 14 x 21 cm =650 #4$$a Islam - Sejarah - Masa Jahiliah Abad 20 =700 #$$a Penerjemah, Tohir, Muhammad =850 ##$$a NBPNMAT =084 ##$$a 2x9.6 QUT j =250 ##$$a cet.7 =990 ##$$a 97.340/pro96 =990 ##$$a 00092145